Loading...

ROCK ART STUDIES: CONCEPT, METHODOLOGY, CONTEXT, DOCUMENTATION V.I

Bibliographic Details
Main Author: MALLA, BANSI LAL
Format: Printed Book
Published: NEW DELHI ARYAN BOOKS INTERNATIONAL 2014
Subjects:
LEADER 00706nam a2200229 4500
020 |a 8173070601  |c 795.0 
082 |a 709.0113 MAL, I 
100 |a MALLA, BANSI LAL 
245 |a ROCK ART STUDIES: CONCEPT, METHODOLOGY, CONTEXT, DOCUMENTATION V.I  |h ENGLISH 
250
260 |a NEW DELHI  |b ARYAN BOOKS INTERNATIONAL  |c 2014 
300 |a 352 p  |f HB 
500 |a   
501 |a Art 
538
590
630
650 |a ROCK ART STUDIES-- CONCEPT-- METHODOLOGY 
700
942 |c REF 
999 |c 179114  |d 179114 
952 |0 0  |1 0  |4 0  |6 709_011300000000000_MAL_I  |7 0  |9 192477  |a AGY  |b AGY  |g 795.00  |l 0  |o 709.0113 MAL, I  |p AGY3323  |r 2019-10-25  |w 2019-10-25  |y REF